[Event "CAN-ch U16"]
[Site "Ottawa"]
[Date "2007.07.03"]
[Round "2"]
[White "Ang, Alan"]
[Black "MacMillan, Michael"]
[Result "1-0"]
[WhiteElo "2050"]
[BlackElo "1863"]
[PlyCount "65"]
[EventDate "2007.07.03"]
[EventType "swiss"]
[EventRounds "7"]
[EventCountry "CAN"]
[SourceTitle "EXT 2022"]
[Source "ChessBase"]
[SourceDate "2021.10.06"]
[SourceVersion "1"]
[SourceVersionDate "2021.10.06"]
[SourceQuality "1"]

1. e4 e5 2. Nf3 Nc6 3. Bb5 Nd4 4. Nxd4 exd4 5. 0-0 Bc5 6. d3 Ne7 7. c3 c6 8. Ba4 d5 9. Nd2 a5 10. exd5 Nxd5 11. Re1+ Be6 12. Ne4 Ba7 13. Ng5 0-0 14. c4 Nc7 15. Bf4 Qf6 16. Qd2 Na6 17. Bd1 Bf5 18. Bf3 Bc5 19. a3 Bg6 20. h4 Nb4 21. Be5 Qf5 22. Be4 Qd7 23. h5 Bxe4 24. Nxe4 Be7 25. axb4 f6 26. Bg3 Bxb4 27. Qf4 Bxe1 28. Rxe1 Rae8 29. Ra1 Re5 30. h6 Rf5 31. Qg4 Rf7 32. Qh3 gxh6 33. Nd6 1-0